Democracy and civil society in Nigeria/ (Record no. 1155)
[ view plain ]
| 000 -LEADER | |
|---|---|
| fixed length control field | 00638nam a22001937a 4500 |
| 008 - FIXED-LENGTH DATA ELEMENTS--GENERAL INFORMATION | |
| fixed length control field | 191021b ||||| |||| 00| 0 eng d |
| 020 ## - INTERNATIONAL STANDARD BOOK NUMBER | |
| ISBN | 9789780290160 |
| 040 ## - CATALOGING SOURCE | |
| Original cataloging agency | NLN |
| Language of cataloging | English |
| 100 ## - MAIN ENTRY--AUTHOR | |
| Author | KUKAH, Matthew Hassan. |
| Relator term | aut |
| 245 ## - TITLE STATEMENT | |
| Title | Democracy and civil society in Nigeria/ |
| Statement of responsibility, etc | Matthew Hassan Kukah. |
| 260 ## - PUBLICATION, DISTRIBUTION, ETC. (IMPRINT) | |
| Place of publication | Ibadan, Oyo State (Spectrum House Ring Road PMB 5612): |
| Name of publisher | Spectrum Books, |
| Date of publication | 2007. |
| 300 ## - COLLATION | |
| Pagination | xviii, 305p.; |
| Other physical details | 22cm. |
| 500 ## - GENERAL NOTE | |
| General note | Includes bibliographical references |
| 563 ## - BINDING INFORMATION | |
| Binding note | (pbk) |
| 650 ## - TRACINGS | |
| Main Subject | Democracy - |
| Subdivision (1st) | Nigeria |
| 650 ## - TRACINGS | |
| Main Subject | Civil society - |
| Subdivision (1st) | Nigeria |
| 942 ## - ADDED ENTRY ELEMENTS (KOHA) | |
| Item type | Books |
| 050 ## - LIBRARY OF CONGRESS CALL NUMBER | |
| Classification number | JC 423. |
| Item number | K 96 |
| Source of classification or shelving scheme | Not for loan | Home library | Current library | Date acquired | Accession No. | Full call number | Barcode. | Koha item type |
|---|---|---|---|---|---|---|---|---|
| Library of Congress Classification | ABUJA LIBRARY BRANCH | National Library of Nigeria | 21/10/2019 | 5648046 | JC 423. K 96 | 2019-2995 | Books |
